|
|
|
|
| LEADER |
00000naa2a2200000 4500 |
| 001 |
450456 |
| 005 |
20231101083337.0 |
| 035 |
|
|
|a (RuTPU)RU\TPU\prd\112617
|
| 090 |
|
|
|a 450456
|
| 100 |
|
|
|a 20110613a1976 k y0rusy50 ca
|
| 101 |
0 |
|
|a rus
|
| 102 |
|
|
|a RU
|
| 200 |
1 |
|
|a Управляемые разрядники для высоковольтных генераторов импульсов
|f М. С. Кухта [и др.]
|
| 320 |
|
|
|a Библиогр.:с. 78 (5 назв.)
|
| 461 |
|
0 |
|0 (RuTPU)RU\TPU\prd\300
|t Приборы и техника эксперимента
|d 1956-
|
| 463 |
|
0 |
|0 (RuTPU)RU\TPU\prd\36195
|t № 6
|v С. 125-127
|d 1976
|
| 610 |
1 |
|
|a труды учёных ТПУ
|
| 701 |
|
1 |
|a Кухта
|b М. С.
|
| 701 |
|
1 |
|a Логачев
|b Е. И.
|
| 701 |
|
1 |
|a Лопатин
|b В. В.
|c электрофизик
|c доктор физико-математических наук, профессор Томского политехнического университета, заместитель директора по научной работе ИФВТ ТПУ
|f 1947-
|g Владимир Васильевич
|2 stltpush
|3 (RuTPU)RU\TPU\pers\20662
|
| 701 |
|
1 |
|a Ремнев
|b Г. Е.
|c физик
|c профессор Томского политехнического университета, доктор технических наук
|f 1948-
|g Геннадий Ефимович
|2 stltpush
|3 (RuTPU)RU\TPU\pers\22004
|
| 701 |
|
1 |
|a Цветков
|b В. И.
|
| 701 |
|
1 |
|a Черненко
|b В. П.
|
| 801 |
|
1 |
|a RU
|b 63413507
|c 20110613
|
| 801 |
|
2 |
|a RU
|b 63413507
|c 20150609
|g RCR
|
| 942 |
|
|
|c BK
|